[Event "Rapid Tournament (RAP)"]
[Site "Biel, CH"]
[Date "2025.07.13"]
[Round "1"]
[White "Koehler, Noe"]
[Black "Berger, Vincent"]
[Result "1-0"]
[Board "44"]
[WhiteFideId "1362488"]
[BlackFideId "1317822"]
[WhiteElo "1680"]
[BlackElo "2002"]
[WhiteTeam "SUI"]
[BlackTeam "SUI"]
[WhiteClock "0:00:17"]
[BlackClock "0:00:14"]
[Variant "Standard"]

1. Nf3 {[%clk 0:15:08]}  Nf6 {[%clk 0:15:04]} 2. b3 {[%clk 0:15:00]}  d5 {[%clk 0:15:03]} 3. c4 {[%clk 0:14:54]}  c6 {[%clk 0:15:01]} 4. Bb2 {[%clk 0:14:51]}  Bf5 {[%clk 0:14:57]} 5. e3 {[%clk 0:15:16]}  e6 {[%clk 0:14:52]} 6. Be2 {[%clk 0:15:16]}  Bd6 {[%clk 0:14:28]} 7. d3 {[%clk 0:14:59]}  O-O {[%clk 0:13:41]} 8. Nh4 {[%clk 0:13:34]}  Bg6 {[%clk 0:13:28]} 9. Nxg6 {[%clk 0:13:47]}  hxg6 {[%clk 0:13:22]} 10. Nd2 {[%clk 0:13:46]}  Nbd7 {[%clk 0:12:44]} 11. O-O {[%clk 0:13:27]}  Rc8 {[%clk 0:12:19]} 12. cxd5 {[%clk 0:12:09]}  cxd5 {[%clk 0:12:05]} 13. Rc1 {[%clk 0:11:03]}  Qa5 {[%clk 0:07:38]} 14. Bxf6 {[%clk 0:10:49]}  Nxf6 {[%clk 0:06:57]} 15. Rc2 {[%clk 0:08:18]}  Rc6 {[%clk 0:05:39]} 16. Rxc6 {[%clk 0:07:00]}  bxc6 {[%clk 0:05:13]} 17. Qc2 {[%clk 0:06:14]}  Qc7 {[%clk 0:07:13]} 18. Nf3 {[%clk 0:05:49]}  Rc8 {[%clk 0:06:17]} 19. Rc1 {[%clk 0:05:52]}  Ba3 {[%clk 0:04:44]} 20. Rb1 {[%clk 0:04:15]}  a5 {[%clk 0:03:29]} 21. Nd4 {[%clk 0:04:11]}  e5 {[%clk 0:04:48]} 22. Nf3 {[%clk 0:03:51]}  e4 {[%clk 0:03:19]} 23. dxe4 {[%clk 0:01:59]}  Nxe4 {[%clk 0:03:32]} 24. Nd4 {[%clk 0:00:11]}  Qd6 {[%clk 0:01:18]} 25. Nb5 {[%clk 0:00:29]}  Qe7 {[%clk 0:01:10]} 26. Nxa3 {[%clk 0:00:33]}  Qxa3 {[%clk 0:01:13]} 27. Bg4 {[%clk 0:00:33]}  f5 {[%clk 0:01:00]} 28. Bf3 {[%clk 0:00:16]}  Qd6 {[%clk 0:00:34]} 29. Bxe4 {[%clk 0:00:18]}  fxe4 {[%clk 0:00:33]} 30. Rc1 {[%clk 0:00:04]}  c5 {[%clk 0:00:21]} 31. a3 {[%clk 0:00:09]}  Kf7 {[%clk 0:00:19]} 32. b4 {[%clk 0:00:09]}  axb4 {[%clk 0:00:21]} 33. axb4 {[%clk 0:00:13]}  c4 {[%clk 0:00:11]} 34. Qa4 {[%clk 0:00:09]}  Rc7 {[%clk 0:00:17]} 35. Rd1 {[%clk 0:00:08]}  c3 {[%clk 0:00:10]} 36. Rc1 {[%clk 0:00:11]}  Qc6 {[%clk 0:00:11]} 37. Qxc6 {[%clk 0:00:13]}  Rxc6 {[%clk 0:00:14]} 38. b5 {[%clk 0:00:17]} 1-0

[Event "Rapid Tournament (RAP)"]
[Site "Biel, CH"]
[Date "2025.07.13"]
[Round "1"]
[White "Schweitzer, Olaf"]
[Black "Thorens, Johan"]
[Result "1-0"]
[Board "45"]
[WhiteFideId "634123"]
[BlackFideId "1364375"]
[WhiteElo "1996"]
[BlackElo "1657"]
[WhiteTeam "FRA"]
[BlackTeam "SUI"]
[WhiteClock "0:08:58"]
[BlackClock "0:06:42"]
[Variant "Standard"]

1. e4 {[%clk 0:15:08]}  e5 {[%clk 0:15:09]} 2. Nf3 {[%clk 0:15:12]}  Nf6 {[%clk 0:15:12]} 3. Nc3 {[%clk 0:15:16]}  Nc6 {[%clk 0:15:14]} 4. Nxe5 {[%clk 0:15:13]}  Nxe5 {[%clk 0:15:06]} 5. d4 {[%clk 0:15:17]}  Ng6 {[%clk 0:15:09]} 6. e5 {[%clk 0:15:21]}  Ng8 {[%clk 0:14:46]} 7. Bc4 {[%clk 0:15:25]}  Bb4 {[%clk 0:14:16]} 8. Qf3 {[%clk 0:15:25]}  Qe7 {[%clk 0:13:48]} 9. O-O {[%clk 0:15:28]}  Bxc3 {[%clk 0:13:49]} 10. bxc3 {[%clk 0:15:18]}  Nh6 {[%clk 0:13:44]} 11. a4 {[%clk 0:14:31]}  Rb8 {[%clk 0:12:56]} 12. Ba3 {[%clk 0:14:27]}  Qg5 {[%clk 0:12:06]} 13. Rfe1 {[%clk 0:14:10]}  Ne7 {[%clk 0:11:01]} 14. g3 {[%clk 0:13:28]}  O-O {[%clk 0:11:05]} 15. h4 {[%clk 0:13:28]}  Qg6 {[%clk 0:08:43]} 16. Bxe7 {[%clk 0:13:35]}  Re8 {[%clk 0:09:39]} 17. Bg5 {[%clk 0:13:35]}  d6 {[%clk 0:09:39]} 18. exd6 {[%clk 0:13:35]}  Bg4 {[%clk 0:09:39]} 19. Rxe8+ {[%clk 0:13:35]}  Rxe8 {[%clk 0:09:39]} 20. Qxb7 {[%clk 0:13:35]}  cxd6 {[%clk 0:06:42]} 21. Rb1 {[%clk 0:08:58]}  Qxc2 {[%clk 0:06:42]} 22. Bxh6 {[%clk 0:08:58]} 1-0

[Event "Rapid Tournament (RAP)"]
[Site "Biel, CH"]
[Date "2025.07.13"]
[Round "1"]
[White "Guidi, Elia"]
[Black "Javet, Blaise"]
[Result "0-1"]
[Board "46"]
[WhiteFideId "1351931"]
[BlackFideId "1305026"]
[WhiteElo "1653"]
[BlackElo "1995"]
[WhiteTeam "SUI"]
[BlackTeam "SUI"]
[WhiteClock "0:02:54"]
[BlackClock "0:06:55"]
[Variant "Standard"]

1. d4 {[%clk 0:15:07]}  Nf6 {[%clk 0:15:07]} 2. c4 {[%clk 0:15:08]}  g6 {[%clk 0:15:10]} 3. Nc3 {[%clk 0:15:10]}  Bg7 {[%clk 0:15:13]} 4. e4 {[%clk 0:15:12]}  d6 {[%clk 0:15:17]} 5. Bg5 {[%clk 0:15:14]}  Nbd7 {[%clk 0:15:09]} 6. Be2 {[%clk 0:15:16]}  a6 {[%clk 0:14:45]} 7. g4 {[%clk 0:15:18]}  c5 {[%clk 0:14:32]} 8. d5 {[%clk 0:15:21]}  Ne5 {[%clk 0:14:00]} 9. f3 {[%clk 0:14:57]}  h6 {[%clk 0:13:34]} 10. Be3 {[%clk 0:14:53]}  h5 {[%clk 0:13:28]} 11. g5 {[%clk 0:13:43]}  Nh7 {[%clk 0:13:29]} 12. Qc2 {[%clk 0:12:28]}  Rb8 {[%clk 0:11:40]} 13. h4 {[%clk 0:11:34]}  O-O {[%clk 0:11:34]} 14. O-O-O {[%clk 0:10:39]}  b5 {[%clk 0:11:30]} 15. f4 {[%clk 0:10:14]}  Ng4 {[%clk 0:11:13]} 16. Bxg4 {[%clk 0:09:44]}  Bxg4 {[%clk 0:11:16]} 17. Rf1 {[%clk 0:09:43]}  bxc4 {[%clk 0:10:41]} 18. f5 {[%clk 0:09:12]}  Qa5 {[%clk 0:10:36]} 19. a3 {[%clk 0:07:54]}  Bxc3 {[%clk 0:10:23]} 20. Qxc3 {[%clk 0:07:31]}  Qxc3+ {[%clk 0:10:26]} 21. bxc3 {[%clk 0:07:35]}  Rb3 {[%clk 0:10:25]} 22. Kc2 {[%clk 0:04:26]}  Rxa3 {[%clk 0:09:51]} 23. Nh3 {[%clk 0:04:24]}  Rb8 {[%clk 0:08:39]} 24. Rb1 {[%clk 0:03:17]}  Rxb1 {[%clk 0:07:57]} 25. Kxb1 {[%clk 0:02:54]}  Rxc3 {[%clk 0:06:55]} 0-1

[Event "Rapid Tournament (RAP)"]
[Site "Biel, CH"]
[Date "2025.07.13"]
[Round "1"]
[White "Doxarve, Nils"]
[Black "Hajduk, Mariia"]
[Result "1-0"]
[Board "47"]
[WhiteFideId "1340000"]
[BlackFideId "1368559"]
[WhiteElo "1990"]
[BlackElo "1633"]
[WhiteTeam "SUI"]
[BlackTeam "SUI"]
[WhiteClock "0:07:43"]
[BlackClock "0:00:43"]
[Variant "Standard"]

1. e4 {[%clk 0:15:06]}  e5 {[%clk 0:15:07]} 2. Nf3 {[%clk 0:15:09]}  Nc6 {[%clk 0:15:11]} 3. Bb5 {[%clk 0:15:13]}  d6 {[%clk 0:15:15]} 4. c3 {[%clk 0:15:16]}  Be7 {[%clk 0:14:56]} 5. d4 {[%clk 0:15:18]}  exd4 {[%clk 0:14:54]} 6. cxd4 {[%clk 0:15:20]}  Bd7 {[%clk 0:14:53]} 7. Nc3 {[%clk 0:15:23]}  Nf6 {[%clk 0:14:56]} 8. e5 {[%clk 0:15:26]}  dxe5 {[%clk 0:14:12]} 9. dxe5 {[%clk 0:15:28]}  Bb4 {[%clk 0:14:00]} 10. exf6 {[%clk 0:14:49]}  O-O {[%clk 0:13:15]} 11. O-O {[%clk 0:14:36]}  Bxc3 {[%clk 0:12:48]} 12. bxc3 {[%clk 0:14:38]}  Qc8 {[%clk 0:12:27]} 13. fxg7 {[%clk 0:14:06]}  Re8 {[%clk 0:11:48]} 14. Be3 {[%clk 0:14:00]}  Bg4 {[%clk 0:10:59]} 15. Be2 {[%clk 0:10:54]}  Rd8 {[%clk 0:10:54]} 16. Nd4 {[%clk 0:10:52]}  Bxe2 {[%clk 0:10:32]} 17. Qxe2 {[%clk 0:10:55]}  Ne5 {[%clk 0:09:50]} 18. Rfe1 {[%clk 0:10:16]}  Ng4 {[%clk 0:08:47]} 19. h3 {[%clk 0:09:57]}  Ne5 {[%clk 0:07:13]} 20. Qh5 {[%clk 0:09:00]}  Ng6 {[%clk 0:05:59]} 21. Nf5 {[%clk 0:08:01]}  c6 {[%clk 0:03:07]} 22. Bd4 {[%clk 0:08:06]}  Rxd4 {[%clk 0:01:21]} 23. cxd4 {[%clk 0:08:08]}  Qc7 {[%clk 0:00:43]} 24. Re4 {[%clk 0:07:43]} 1-0

[Event "Rapid Tournament (RAP)"]
[Site "Biel, CH"]
[Date "2025.07.13"]
[Round "1"]
[White "Claude, Jean-Pierre"]
[Black "Kwiatkowski, Maciej"]
[Result "0-1"]
[Board "48"]
[WhiteFideId "1342568"]
[BlackFideId "1360175"]
[WhiteElo "1625"]
[BlackElo "1982"]
[WhiteTeam "SUI"]
[BlackTeam "SUI"]
[WhiteClock "0:04:36"]
[BlackClock "0:03:12"]
[Variant "Standard"]

1. e4 {[%clk 0:15:02]}  c5 {[%clk 0:15:08]} 2. Nf3 {[%clk 0:14:58]}  e6 {[%clk 0:15:09]} 3. d4 {[%clk 0:14:57]}  cxd4 {[%clk 0:15:12]} 4. Nxd4 {[%clk 0:14:58]}  Nc6 {[%clk 0:15:15]} 5. Nc3 {[%clk 0:14:56]}  Qc7 {[%clk 0:15:16]} 6. Nf3 {[%clk 0:14:36]}  a6 {[%clk 0:14:59]} 7. g3 {[%clk 0:14:36]}  Nf6 {[%clk 0:14:53]} 8. Bg2 {[%clk 0:14:28]}  Bb4 {[%clk 0:14:43]} 9. Bd2 {[%clk 0:14:11]}  O-O {[%clk 0:14:42]} 10. O-O {[%clk 0:14:12]}  Bxc3 {[%clk 0:14:05]} 11. Bxc3 {[%clk 0:14:07]}  Nxe4 {[%clk 0:14:04]} 12. Qe1 {[%clk 0:13:14]}  d5 {[%clk 0:13:37]} 13. Rd1 {[%clk 0:13:05]}  b5 {[%clk 0:13:18]} 14. a3 {[%clk 0:12:56]}  Bb7 {[%clk 0:13:04]} 15. b4 {[%clk 0:12:34]}  Ne7 {[%clk 0:12:13]} 16. Be5 {[%clk 0:12:00]}  Qxc2 {[%clk 0:12:01]} 17. Qe3 {[%clk 0:11:10]}  Nf5 {[%clk 0:11:02]} 18. Qe1 {[%clk 0:10:36]}  Rac8 {[%clk 0:10:43]} 19. Rc1 {[%clk 0:09:44]}  Qb3 {[%clk 0:09:48]} 20. Ra1 {[%clk 0:09:19]}  f6 {[%clk 0:09:09]} 21. Nd4 {[%clk 0:08:50]}  Nxd4 {[%clk 0:08:58]} 22. Bxd4 {[%clk 0:08:45]}  e5 {[%clk 0:07:01]} 23. Be3 {[%clk 0:06:42]}  f5 {[%clk 0:03:42]} 24. Qb1 {[%clk 0:05:30]}  Qxb1 {[%clk 0:03:27]} 25. Raxb1 {[%clk 0:05:16]}  d4 {[%clk 0:03:05]} 26. Bxe4 {[%clk 0:04:51]}  Bxe4 {[%clk 0:03:07]} 27. f3 {[%clk 0:04:38]}  Bxb1 {[%clk 0:03:09]} 28. Rxb1 {[%clk 0:04:36]}  dxe3 {[%clk 0:03:12]} 0-1

[Event "Rapid Tournament (RAP)"]
[Site "Biel, CH"]
[Date "2025.07.13"]
[Round "1"]
[White "Mikavica, Dragoljub"]
[Black "Nihal Saheer"]
[Result "1-0"]
[Board "49"]
[WhiteFideId "1308726"]
[BlackFideId "531012086"]
[WhiteElo "1980"]
[BlackElo "1615"]
[WhiteTeam "SUI"]
[BlackTeam "IND"]
[WhiteClock "0:06:47"]
[BlackClock "0:00:21"]
[Variant "Standard"]

1. Nf3 {[%clk 0:15:08]}  Nf6 {[%clk 0:15:06]} 2. g3 {[%clk 0:15:12]}  d5 {[%clk 0:15:10]} 3. Bg2 {[%clk 0:15:01]}  Bg4 {[%clk 0:15:05]} 4. O-O {[%clk 0:15:19]}  e6 {[%clk 0:15:08]} 5. d4 {[%clk 0:15:22]}  Bd6 {[%clk 0:15:02]} 6. Nc3 {[%clk 0:14:33]}  c6 {[%clk 0:14:51]} 7. Bg5 {[%clk 0:13:40]}  Nbd7 {[%clk 0:13:46]} 8. Qd2 {[%clk 0:13:32]}  Bxf3 {[%clk 0:13:34]} 9. Bxf3 {[%clk 0:13:25]}  h6 {[%clk 0:13:31]} 10. Bxf6 {[%clk 0:11:38]}  gxf6 {[%clk 0:11:50]} 11. e4 {[%clk 0:11:06]}  h5 {[%clk 0:11:28]} 12. Rfe1 {[%clk 0:14:23]}  Kf8 {[%clk 0:09:53]} 13. exd5 {[%clk 0:13:41]}  cxd5 {[%clk 0:09:34]} 14. Nb5 {[%clk 0:13:13]}  Bb8 {[%clk 0:09:16]} 15. Qb4+ {[%clk 0:12:54]}  Kg8 {[%clk 0:08:55]} 16. c4 {[%clk 0:09:56]}  dxc4 {[%clk 0:08:17]} 17. Bxb7 {[%clk 0:09:19]}  a5 {[%clk 0:05:59]} 18. Qxc4 {[%clk 0:08:41]}  h4 {[%clk 0:05:18]} 19. Bxa8 {[%clk 0:12:44]}  hxg3 {[%clk 0:05:10]} 20. fxg3 {[%clk 0:12:36]}  Nb6 {[%clk 0:04:54]} 21. Qc6 {[%clk 0:12:28]}  Nxa8 {[%clk 0:04:46]} 22. Qxa8 {[%clk 0:12:23]}  Rxh2 {[%clk 0:03:13]} 23. Qf3 {[%clk 0:11:46]}  Rxb2 {[%clk 0:02:32]} 24. Rab1 {[%clk 0:10:48]}  Rxa2 {[%clk 0:01:14]} 25. Qg4+ {[%clk 0:09:57]}  Kf8 {[%clk 0:02:44]} 26. Nc3 {[%clk 0:09:00]}  Ra3 {[%clk 0:00:20]} 27. Qh4 {[%clk 0:07:03]}  Ke7 {[%clk 0:00:58]} 28. Rb7+ {[%clk 0:06:57]}  Bc7 {[%clk 0:00:51]} 29. Nb5 {[%clk 0:06:52]}  Rd3 {[%clk 0:00:23]} 30. Rxc7+ {[%clk 0:06:50]}  Kf8 {[%clk 0:00:21]} 31. Qh8# {[%clk 0:06:47]} 1-0

[Event "Rapid Tournament (RAP)"]
[Site "Biel, CH"]
[Date "2025.07.13"]
[Round "1"]
[White "Anetov, Aisultan"]
[Black "Chen, Muxi"]
[Result "1-0"]
[Board "50"]
[WhiteFideId "13784943"]
[BlackFideId "8626073"]
[WhiteElo "1610"]
[BlackElo "1979"]
[WhiteTeam "KAZ"]
[BlackTeam "CHN"]
[WhiteClock "0:05:02"]
[BlackClock "0:00:39"]
[Variant "Standard"]

1. e4 {[%clk 0:15:09]}  c5 {[%clk 0:15:09]} 2. Nf3 {[%clk 0:15:13]}  Nc6 {[%clk 0:15:13]} 3. d4 {[%clk 0:15:17]}  cxd4 {[%clk 0:15:16]} 4. Nxd4 {[%clk 0:15:20]}  Nf6 {[%clk 0:15:19]} 5. Nc3 {[%clk 0:15:24]}  e5 {[%clk 0:15:23]} 6. Ndb5 {[%clk 0:15:28]}  d6 {[%clk 0:15:27]} 7. Nd5 {[%clk 0:15:32]}  Nxd5 {[%clk 0:15:25]} 8. exd5 {[%clk 0:15:36]}  Ne7 {[%clk 0:15:29]} 9. c4 {[%clk 0:15:40]}  Ng6 {[%clk 0:15:22]} 10. h4 {[%clk 0:15:41]}  a6 {[%clk 0:14:49]} 11. Nc3 {[%clk 0:15:41]}  Be7 {[%clk 0:13:52]} 12. h5 {[%clk 0:15:42]}  Nh4 {[%clk 0:13:56]} 13. g3 {[%clk 0:14:27]}  Nf5 {[%clk 0:13:54]} 14. Bg2 {[%clk 0:14:18]}  O-O {[%clk 0:13:15]} 15. O-O {[%clk 0:14:14]}  Bg5 {[%clk 0:12:20]} 16. Ne4 {[%clk 0:13:03]}  Bxc1 {[%clk 0:12:12]} 17. Rxc1 {[%clk 0:13:07]}  b6 {[%clk 0:11:37]} 18. b4 {[%clk 0:12:44]}  a5 {[%clk 0:11:07]} 19. a3 {[%clk 0:12:25]}  Ba6 {[%clk 0:08:17]} 20. Re1 {[%clk 0:11:53]}  Nd4 {[%clk 0:08:06]} 21. c5 {[%clk 0:11:22]}  dxc5 {[%clk 0:08:08]} 22. bxc5 {[%clk 0:11:24]}  f5 {[%clk 0:08:12]} 23. Nc3 {[%clk 0:09:35]}  bxc5 {[%clk 0:08:03]} 24. Rxe5 {[%clk 0:09:24]}  f4 {[%clk 0:06:55]} 25. d6 {[%clk 0:09:01]}  Qxd6 {[%clk 0:06:47]} 26. Rd5 {[%clk 0:08:34]}  Qf6 {[%clk 0:06:11]} 27. Ne4 {[%clk 0:07:17]}  Qf7 {[%clk 0:05:22]} 28. Ng5 {[%clk 0:07:14]}  Qf6 {[%clk 0:04:20]} 29. Rcxc5 {[%clk 0:05:22]}  Ne2+ {[%clk 0:03:43]} 30. Kh2 {[%clk 0:05:19]}  Nc3 {[%clk 0:02:24]} 31. Qc2 {[%clk 0:05:01]}  Rfc8 {[%clk 0:01:04]} 32. Qxh7+ {[%clk 0:04:57]}  Kf8 {[%clk 0:01:08]} 33. Rf5 {[%clk 0:05:01]}  fxg3+ {[%clk 0:00:49]} 34. fxg3 {[%clk 0:05:01]}  Rxc5 {[%clk 0:00:36]} 35. Rxf6+ {[%clk 0:05:05]}  Ke8 {[%clk 0:00:40]} 36. Qg8+ {[%clk 0:04:57]}  Kd7 {[%clk 0:00:42]} 37. Qe6+ {[%clk 0:05:01]}  Kd8 {[%clk 0:00:39]} 38. Qd6+ {[%clk 0:05:02]} 1-0

[Event "Rapid Tournament (RAP)"]
[Site "Biel, CH"]
[Date "2025.07.13"]
[Round "1"]
[White "Wiesmann, Dominique"]
[Black "Wilhelm, Marco"]
[Result "1-0"]
[Board "51"]
[WhiteFideId "1308262"]
[BlackFideId "1347039"]
[WhiteElo "1978"]
[BlackElo "1606"]
[WhiteTeam "SUI"]
[BlackTeam "SUI"]
[WhiteClock "0:02:29"]
[BlackClock "0:01:10"]
[Variant "Standard"]

1. Nf3 {[%clk 0:15:07]}  e6 {[%clk 0:15:10]} 2. g3 {[%clk 0:15:09]}  d5 {[%clk 0:15:14]} 3. Bg2 {[%clk 0:15:12]}  Nf6 {[%clk 0:15:17]} 4. O-O {[%clk 0:15:09]}  Be7 {[%clk 0:15:16]} 5. d3 {[%clk 0:15:12]}  O-O {[%clk 0:15:18]} 6. Nbd2 {[%clk 0:15:16]}  c5 {[%clk 0:15:22]} 7. Re1 {[%clk 0:15:20]}  Nc6 {[%clk 0:15:23]} 8. e4 {[%clk 0:15:19]}  dxe4 {[%clk 0:15:22]} 9. dxe4 {[%clk 0:15:22]}  b6 {[%clk 0:15:12]} 10. e5 {[%clk 0:14:34]}  Nd5 {[%clk 0:15:14]} 11. a3 {[%clk 0:14:35]}  Bb7 {[%clk 0:15:11]} 12. c4 {[%clk 0:14:38]}  Nc7 {[%clk 0:15:08]} 13. Ne4 {[%clk 0:14:19]}  Ne8 {[%clk 0:14:56]} 14. Bf4 {[%clk 0:13:35]}  Na5 {[%clk 0:14:37]} 15. Qc2 {[%clk 0:13:31]}  Qc7 {[%clk 0:13:54]} 16. Rad1 {[%clk 0:13:03]}  Rd8 {[%clk 0:13:32]} 17. Rxd8 {[%clk 0:13:04]}  Bxd8 {[%clk 0:13:32]} 18. Rd1 {[%clk 0:12:12]}  Be7 {[%clk 0:12:47]} 19. Nd6 {[%clk 0:11:54]}  Bc6 {[%clk 0:12:36]} 20. Ng5 {[%clk 0:11:23]}  Bxg5 {[%clk 0:12:17]} 21. Bxg5 {[%clk 0:11:26]}  Nb7 {[%clk 0:12:11]} 22. Bf4 {[%clk 0:10:19]}  Bxg2 {[%clk 0:12:03]} 23. Kxg2 {[%clk 0:10:21]}  Nexd6 {[%clk 0:11:58]} 24. exd6 {[%clk 0:10:24]}  Qd7 {[%clk 0:12:01]} 25. Rd3 {[%clk 0:08:45]}  Rd8 {[%clk 0:11:48]} 26. h4 {[%clk 0:08:23]}  f6 {[%clk 0:10:20]} 27. b4 {[%clk 0:08:10]}  e5 {[%clk 0:10:02]} 28. Be3 {[%clk 0:08:13]}  Qc6+ {[%clk 0:10:00]} 29. Kh2 {[%clk 0:08:16]}  Rxd6 {[%clk 0:09:59]} 30. bxc5 {[%clk 0:08:10]}  Nxc5 {[%clk 0:09:56]} 31. Bxc5 {[%clk 0:08:01]}  Qxc5 {[%clk 0:09:56]} 32. Rxd6 {[%clk 0:07:57]}  Qxd6 {[%clk 0:10:00]} 33. a4 {[%clk 0:07:14]}  Qd4 {[%clk 0:09:45]} 34. Kg2 {[%clk 0:06:44]}  g6 {[%clk 0:07:54]} 35. Qb3 {[%clk 0:06:29]}  Kg7 {[%clk 0:07:37]} 36. Qb4 {[%clk 0:06:10]}  Qc5 {[%clk 0:07:20]} 37. Qc3 {[%clk 0:05:42]}  Qc6+ {[%clk 0:07:06]} 38. Kh2 {[%clk 0:05:20]}  Qxa4 {[%clk 0:07:07]} 39. c5 {[%clk 0:05:22]}  Qc6 {[%clk 0:06:15]} 40. Qa3 {[%clk 0:05:25]}  Qc7 {[%clk 0:05:57]} 41. cxb6 {[%clk 0:05:19]}  axb6 {[%clk 0:05:59]} 42. h5 {[%clk 0:05:14]}  Qc5 {[%clk 0:05:05]} 43. Qf3 {[%clk 0:04:33]}  b5 {[%clk 0:04:40]} 44. h6+ {[%clk 0:04:33]}  Kxh6 {[%clk 0:04:18]} 45. Qxf6 {[%clk 0:04:37]}  e4 {[%clk 0:03:44]} 46. Kg2 {[%clk 0:04:12]}  Qf5 {[%clk 0:03:38]} 47. Qh4+ {[%clk 0:04:05]}  Qh5 {[%clk 0:03:08]} 48. Qxe4 {[%clk 0:04:02]}  Qf5 {[%clk 0:02:37]} 49. Qh4+ {[%clk 0:03:50]}  Kg7 {[%clk 0:02:33]} 50. Qe7+ {[%clk 0:03:54]}  Qf7 {[%clk 0:02:35]} 51. Qe5+ {[%clk 0:03:57]}  Kh6 {[%clk 0:02:26]} 52. Qxb5 {[%clk 0:03:55]}  Qe7 {[%clk 0:02:00]} 53. Qd5 {[%clk 0:03:47]}  Qc7 {[%clk 0:01:39]} 54. Qe4 {[%clk 0:03:30]}  Qf7 {[%clk 0:01:25]} 55. Qe5 {[%clk 0:03:17]}  g5 {[%clk 0:00:45]} 56. Qd6+ {[%clk 0:02:07]}  Kg7 {[%clk 0:00:44]} 57. Qe5+ {[%clk 0:01:58]}  Qf6 {[%clk 0:00:48]} 58. Qd5 {[%clk 0:01:47]}  h6 {[%clk 0:00:14]} 59. Qe4 {[%clk 0:01:48]}  Kg8 {[%clk 0:00:13]} 60. Qe8+ {[%clk 0:01:46]}  Qf8 {[%clk 0:00:16]} 61. Qg6+ {[%clk 0:01:49]}  Qg7 {[%clk 0:00:20]} 62. Qe6+ {[%clk 0:01:53]}  Qf7 {[%clk 0:00:21]} 63. Qxh6 {[%clk 0:01:56]}  Qg7 {[%clk 0:00:21]} 64. Qxg7+ {[%clk 0:01:34]}  Kxg7 {[%clk 0:00:25]} 65. Kf3 {[%clk 0:01:36]}  Kf6 {[%clk 0:00:28]} 66. Kg4 {[%clk 0:01:39]}  Kg6 {[%clk 0:00:29]} 67. f3 {[%clk 0:01:43]}  Kf6 {[%clk 0:00:32]} 68. Kh5 {[%clk 0:01:44]}  Kf5 {[%clk 0:00:35]} 69. Kh6 {[%clk 0:01:33]}  g4 {[%clk 0:00:32]} 70. f4 {[%clk 0:01:37]}  Kf6 {[%clk 0:00:33]} 71. Kh5 {[%clk 0:01:37]}  Kf5 {[%clk 0:00:38]} 72. Kh4 {[%clk 0:01:40]}  Kg6 {[%clk 0:00:36]} 73. Kxg4 {[%clk 0:01:44]}  Kf6 {[%clk 0:00:40]} 74. Kh5 {[%clk 0:01:47]}  Kf5 {[%clk 0:00:44]} 75. g4+ {[%clk 0:01:50]}  Kf6 {[%clk 0:00:46]} 76. g5+ {[%clk 0:01:54]}  Kg7 {[%clk 0:00:50]} 77. f5 {[%clk 0:01:57]}  Kf7 {[%clk 0:00:53]} 78. g6+ {[%clk 0:02:00]}  Kg7 {[%clk 0:00:57]} 79. Kg5 {[%clk 0:02:03]}  Kf8 {[%clk 0:01:00]} 80. Kf6 {[%clk 0:02:06]}  Kg8 {[%clk 0:01:03]} 81. g7 {[%clk 0:02:08]}  Kh7 {[%clk 0:01:06]} 82. Kf7 {[%clk 0:02:12]}  Kh6 {[%clk 0:01:08]} 83. g8=Q {[%clk 0:02:14]}  Kh5 {[%clk 0:01:12]} 84. Kf6 {[%clk 0:02:16]}  Kh4 {[%clk 0:01:16]} 85. Ke5 {[%clk 0:02:19]}  Kh5 {[%clk 0:01:16]} 86. f6 {[%clk 0:02:23]}  Kh4 {[%clk 0:01:11]} 87. Kf4 {[%clk 0:02:26]}  Kh5 {[%clk 0:01:10]} 88. Qg5+ {[%clk 0:02:29]} 1-0